Radiation safety and methods for ensuring IT; Физико-технические проблемы в науке, промышленности и медицине

Bibliografske podrobnosti
Parent link:Физико-технические проблемы в науке, промышленности и медицине.— 2022.— [С. 19-20]
Glavni avtor: Godwin I.
Korporativna značnica: National Research Tomsk Polytechnic University
Drugi avtorji: Ninyio N., Yeboah E.
Izvleček:Заглавие с экрана
Jezik:angleščina
Izdano: 2022
Serija:Ядерные установки, перспективные ядерные топливные циклы и технологии
Teme:
Online dostop:http://earchive.tpu.ru/handle/11683/74559
Format: Elektronski Book Chapter
KOHA link:https://koha.lib.tpu.ru/cgi-bin/koha/opac-detail.pl?biblionumber=635416

MARC

LEADER 00000naa2a2200000 4500
001 635416
005 20231102024806.0
035 |a (RuTPU)RU\TPU\conf\37269 
035 |a RU\TPU\conf\37266 
090 |a 635416 
100 |a 20230119d2022 k y0rusy50 ba 
101 0 |a eng 
102 |a RU 
105 |a y z 101zy 
135 |a drgn ---uucaa 
181 0 |a i  
182 0 |a b 
200 1 |a Radiation safety and methods for ensuring IT  |f I. Godwin, N. Ninyio, E. Yeboah 
203 |a Текст  |c электронный 
225 1 |a Ядерные установки, перспективные ядерные топливные циклы и технологии 
230 |a 1 компьютерный файл (pdf; 753 Kb) 
300 |a Заглавие с экрана 
320 |a [Библиогр.: с. 20 (5 назв.)] 
463 0 |0 (RuTPU)RU\TPU\conf\36995  |t Физико-технические проблемы в науке, промышленности и медицине  |o сборник тезисов докладов XI Международной научно-практической конференции, г. Томск, 07–09 сентября 2022 г.  |f Национальный исследовательский Томский политехнический университет, Инженерная школа ядерных технологий ; ред. кол. А. Г. Горюнов, О. Ю. Долматов, А. О. Семенов, Е. С. Сухих  |v [С. 19-20]  |d 2022 
610 1 |a труды учёных ТПУ 
610 1 |a электронный ресурс 
610 1 |a радиационная безопасность 
610 1 |a ионизация 
610 1 |a высокоэнергетические частицы 
610 1 |a ионизирующее излучение 
610 1 |a индивидуальная защита 
610 1 |a радиация 
610 1 |a радиоактивные материалы 
700 1 |a Godwin  |b I. 
701 1 |a Ninyio  |b N. 
701 1 |a Yeboah  |b E. 
712 0 2 |a National Research Tomsk Polytechnic University  |2 stltpush  |3 (RuTPU)RU\TPU\col\18773  |9 27197 
801 2 |a RU  |b 63413507  |c 20230201  |g RCR 
856 4 |u http://earchive.tpu.ru/handle/11683/74559 
942 |c BK